The astrolabes of the world based upon the series of instruments in the Lewis Evans collection in the old Ashmolean Museum at Oxford : with notes on astrolables in the collections of the British Museum, Science Museum, Sir J. Findlay, Mr. S.V. Hoffman, the Mensing collection, and in other public and private collections (Record no. 6328)

MARC details
000 -LEADER
fixed length control field 00879nam a2200181Ia 4500
003 - CONTROL NUMBER IDENTIFIER
control field IN-BaIIA
008 - FIXED-LENGTH DATA ELEMENTS--GENERAL INFORMATION
fixed length control field 211028s9999 xx 000 0 eng d
040 ## - CATALOGING SOURCE
Transcribing agency IIA Library
080 ## - UNIVERSAL DECIMAL CLASSIFICATION NUMBER
Universal Decimal Classification number 52(091)
Item number GUN
100 ## - MAIN ENTRY--PERSONAL NAME
Personal name Gunther, Robert T
9 (RLIN) 10856
245 #4 - TITLE STATEMENT
Title The astrolabes of the world based upon the series of instruments in the Lewis Evans collection in the old Ashmolean Museum at Oxford : with notes on astrolables in the collections of the British Museum, Science Museum, Sir J. Findlay, Mr. S.V. Hoffman, the Mensing collection, and in other public and private collections
Remainder of title the eastern astrolabes; vol. 1
Statement of responsibility, etc. Robert T Gunther
260 ## - PUBLICATION, DISTRIBUTION, ETC.
Place of publication, distribution, etc. London
Name of publisher, distributor, etc. The Holland Press
Date of publication, distribution, etc. 1976
300 ## - PHYSICAL DESCRIPTION
Extent xvii, 609p.
650 ## - SUBJECT ADDED ENTRY--TOPICAL TERM
Topical term or geographic name entry element Astrolabes
9 (RLIN) 10857
650 ## - SUBJECT ADDED ENTRY--TOPICAL TERM
Topical term or geographic name entry element Astronomy and astrophysics thesaurus
650 ## - SUBJECT ADDED ENTRY--TOPICAL TERM
Topical term or geographic name entry element History - astronomy
9 (RLIN) 1125
942 ## - ADDED ENTRY ELEMENTS (KOHA)
Koha item type Books
Holdings
Withdrawn status Lost status Damaged status Not for loan Home library Current library Shelving location Date acquired Total Checkouts Full call number Barcode Date last seen Date last checked out Price effective from Koha item type Purchase Price
        IIA Library-Bangalore IIA Library-Bangalore General Stacks 24/09/1979 2 52(091)/ GUN 7049 27/03/2026 03/02/2026 24/09/1979 Books £ 50.00

Powered by Koha